ბათუმის შოთა რუსთაველის სახელმწიფო უნივერსიტეტის ბიბლიოთეკა

The European Union in the security of Europe : (ბიბ.ჩანაწერი № 53763)

000 -LEADER
fixed length control field 00962nam a2200241Ia 4500
001 - CONTROL NUMBER
control field 20812
003 - CONTROL NUMBER IDENTIFIER
control field GE_BSU
005 - DATE AND TIME OF LATEST TRANSACTION
control field 20221114120044.0
008 - FIXED-LENGTH DATA ELEMENTS--GENERAL INFORMATION
fixed length control field 181216s2012||||enk|||||||||||||| ||eng||
020 ## - INTERNATIONAL STANDARD BOOK NUMBER
International Standard Book Number 9780415341233x
040 ## - CATALOGING SOURCE
Transcribing agency GE_BSU
041 ## - LANGUAGE CODE
Language code of text/sound track or separate title geo
080 ## - UNIVERSAL DECIMAL CLASSIFICATION NUMBER
Universal Decimal Classification number 327 327 M-29
100 ## - MAIN ENTRY--PERSONAL NAME
Personal name Marsh, Steve
9 (RLIN) 11323
245 #4 - TITLE STATEMENT
Title The European Union in the security of Europe :
Remainder of title from Cold War to terror war /
Statement of responsibility, etc. Steve Marsh, Wyn Rees.
264 ## - PRODUCTION, PUBLICATION, DISTRIBUTION, MANUFACTURE, AND COPYRIGHT NOTICE
Place of production, publication, distribution, manufacture London and New York :
Name of producer, publisher, distributor, manufacturer Routledge,
Date of production, publication, distribution, manufacture, or copyright notice 2012.
300 ## - PHYSICAL DESCRIPTION
Extent x, 246 p. ;
Dimensions 24 cm.
500 ## - GENERAL NOTE
General note Bibl. : p.211-237; Index.: p.230-246
653 ## - INDEX TERM--UNCONTROLLED
keyword Security, International--European Union countries. National security--European Union countries. Security, International--Europe. European Union countries--Foreign relations.
653 ## - INDEX TERM--UNCONTROLLED
keyword The European Union in the security of Europe : from Cold War to terror war
653 ## - INDEX TERM--UNCONTROLLED
keyword ევროკავშირის პოლიტიკა
942 ## - ADDED ENTRY ELEMENTS (KOHA)
Koha item type წიგნი
Source of classification or shelving scheme
ეგზემპლარები
Withdrawn status Lost status Source of classification or shelving scheme Damaged status Not for loan Permanent Location Current Location Shelving location Date acquired Cost, normal purchase price Full call number Barcode Date last seen Copy number Price effective from Koha item type Public note
          ბათუმის შოთა რუსთაველის სახელმწიფო უნივერსიტეტის მთავარი ბიბლიოთეკა ბათუმის შოთა რუსთაველის სახელმწიფო უნივერსიტეტის მთავარი ბიბლიოთეკა წიგნსაცავი 2018-12-17 111.00 327 327 M-29 54176 2018-12-17 54176 2018-12-17 წიგნი 111.00 GEL.
          ბათუმის შოთა რუსთაველის სახელმწიფო უნივერსიტეტის მთავარი ბიბლიოთეკა ბათუმის შოთა რუსთაველის სახელმწიფო უნივერსიტეტის მთავარი ბიბლიოთეკა წიგნსაცავი 2018-12-17 111.00 327 327 M-29 54177 2018-12-17 54177 2018-12-17 წიგნი 111.00 GEL.